Pavel Josef Šafařík Studie s ukázkami z díla

Podrobná bibliografia
Hlavný autor: Novotný, Jan (Autor)
Médium: Kniha
Jazyk:čeština
Fyzický popis:362, [3] s. Fotogr. Ilustr. 20 cm
Vydavateľské údaje: Praha Melantrich 1971
Edícia:Odkazy pokrokových osobností naší minulosti
Predmet:

MARC

LEADER 00000nam a2200000 a 4500
001 vtls001264221
003 SK-MaSNL
005 20260301234539.0
008 250312s1971 xr ao cze
035 |a SNK000215136 
035 |a urn:nbn:sk:snk-am3h5g4 
035 |a urn:nbn:sk:snk-am00cny3 
035 |a B8D2ADA1-912E-4C44-9701-CF18F96951B7 
040 |a SNK  |b slo  |c SNK  |e AACR2 
041 |a cze 
044 |a xr  |c CZ 
080 |a 929 Šafárik, Pavol Jozef  |2 2001 
100 1 |a Novotný, Jan  |4 aut  |9 5217 
245 1 0 |a Pavel Josef Šafařík  |b Studie s ukázkami z díla  |c Jan Novotný 
260 |a Praha  |b Melantrich  |c 1971 
300 |a 362, [3] s.  |b Fotogr. Ilustr.  |c 20 cm 
490 1 |a Odkazy pokrokových osobností naší minulosti  |v Sv. 29 
600 1 7 |a Šafárik, Pavol Jozef,  |d 1795-1861  |2 SNKMA  |9 85839 
655 7 |a biografie  |2 SNKPH  |9 27965 
655 7 |a výbery  |2 SNKPH  |9 67620 
830 0 |a Odkazy pokrokových osobností naší minulosti  |9 286665 
852 |a Slovenská národná knižnica 
958 |a OND 
999 |c 970549  |d 972479 
952 |a SNK  |b SNK  |y PREZ  |7 0  |p 17A0904043  |o snkSD 39677  |0 0  |1 0  |4 0  |d 2013-08-14  |f 1  |l 0  |r 2026-02-24 10:49:33  |w 2026-02-24 
952 |t P60, <04>, [BOOK], {604}  |a SNK  |b SNK  |y VYP  |7 0  |p 17A0015603  |o snkSD 39677 D1  |0 0  |1 0  |4 0  |d 1996-10-25  |l 0  |r 2005-01-01 00:00:00  |w 2026-02-24